comparison of different rates of nitrogen combined with phospors and potassium on yield of pka romdoul rice variety under rainy season condition at tramkork district takeo province ប្រៀបធៀបបរិមាណជីអាសូតខុសៗគ្នាផ្សំជាមួយផូស្វ័រប៉ូតាស្យូមលើពូជស្រូវផ្ការំដួលក្នុងលក្ខខណ្ឌរដូវស្សានៅស្រុកត្រាំកក់ ខេត្តតាកែវ (Record no. 18198)
[ view plain ]
| 000 -LEADER | |
|---|---|
| fixed length control field | 00921nam a22001577a 4500 |
| 003 - CONTROL NUMBER IDENTIFIER | |
| control field | OSt |
| 005 - DATE AND TIME OF LATEST TRANSACTION | |
| control field | 20190827143610.0 |
| 008 - FIXED-LENGTH DATA ELEMENTS--GENERAL INFORMATION | |
| fixed length control field | 190827b xxu||||| |||| 00| 0 eng d |
| 040 ## - CATALOGING SOURCE | |
| Transcribing agency | RUA |
| 082 ## - DEWEY DECIMAL CLASSIFICATION NUMBER | |
| Classification number | AGR SO 2014 B646 Or.1 |
| 100 ## - MAIN ENTRY--PERSONAL NAME | |
| 9 (RLIN) | 13872 |
| Personal name | SO TOLA សូ តុលា |
| 245 ## - TITLE STATEMENT | |
| Title | comparison of different rates of nitrogen combined with phospors and potassium on yield of pka romdoul rice variety under rainy season condition at tramkork district takeo province ប្រៀបធៀបបរិមាណជីអាសូតខុសៗគ្នាផ្សំជាមួយផូស្វ័រប៉ូតាស្យូមលើពូជស្រូវផ្ការំដួលក្នុងលក្ខខណ្ឌរដូវស្សានៅស្រុកត្រាំកក់ ខេត្តតាកែវ |
| 260 ## - PUBLICATION, DISTRIBUTION, ETC. (IMPRINT) | |
| Place of publication, distribution, etc. | RUA |
| Name of publisher, distributor, etc. | phnom penh |
| Date of publication, distribution, etc. | 2014 |
| 300 ## - PHYSICAL DESCRIPTION | |
| Extent | viii;53p |
| Other physical details | ill; |
| Dimensions | 29cm |
| 942 ## - ADDED ENTRY ELEMENTS (KOHA) | |
| Source of classification or shelving scheme | |
| Koha item type | AGR |
| Price effective from | Date last seen | Permanent Location | Not for loan | Date acquired | Source of classification or shelving scheme | Koha item type | Barcode | Lost status | Damaged status | Shelving location | Withdrawn status | Current Location | Full call number |
|---|---|---|---|---|---|---|---|---|---|---|---|---|---|
| 2019-08-27 | 2019-08-27 | Library Block B | 2019-08-27 | AGR | A42997 | B646 | Library Block B | AGR SO 2014 B646 Or.1 | |||||
| 2019-08-27 | 2019-08-27 | Library Block B | 2019-08-27 | AGR | A44326 | B646 | Library Block B | AGR SO 2014 B646 Or.2 | |||||
| 2019-08-27 | 2019-08-27 | Library Block B | 2019-08-27 | AGR | A44336 | B646 | Library Block B | AGR SO 2014 B646 Or.3 | |||||
| 2019-08-27 | 2019-08-27 | Library Block B | 2019-08-27 | AGR | A44401 | B646 | Library Block B | AGR SO 2014 B646 Or.4 | |||||
| 2019-08-27 | 2019-08-27 | Library Block B | 2019-08-27 | AGR | A44476 | B646 | Library Block B | AGR SO 2014 B646 Or.5 | |||||
| 2019-08-27 | 2019-08-27 | Library Block B | 2019-08-27 | AGR | A44551 | B646 | Library Block B | AGR SO 2014 B646 Or.6 |